J. Cole songs by Synonyms - Statistics

General Stats
  • This quiz has been taken 182 times
  • The average score is 6 of 10
Answer Stats
Hint Answer % Correct
Arrogance is Lucifer Pride Is The Devil
88%
A Story About A Pair Of Towns A Tale Of 2 Citiez
84%
Came into existence as wrongdoer Born Sinner
74%
Purely intended for your oculi 4 Your Eyez Only
71%
All People Pass Away Everybody Dies
65%
Remove yourself from my phallus G.O.M.D.
63%
Automated Teller Machine ATM
56%
Sir Admirable Timepiece Mr. Nice Watch
54%
Strength Excursion Power Trip
51%
Use Physical Force Applying Pressure
16%
No matching quizzes found
Score Distribution
Percent of People with Each Score
Percentile by Number Answered
Your Score History
You have not taken this quiz